| 000 | 00697nam a2200229Ii 4500 | ||
|---|---|---|---|
| 003 | JO-AjNU | ||
| 008 | 230605s9999||||xx |||||||||||||| ||und|| | ||
| 017 | _a2000/9/2603 | ||
| 020 | _a9957-07-173-4 | ||
| 040 |
_aJO-AjNU _bara _erda _cJO-AjNU |
||
| 041 | _aara | ||
| 050 | 1 | 4 | _aQH.S4 2000 |
| 100 | 3 |
_aالخفاف ، عبد علي / م مشارك علي شلش, _eauthor _941799 |
|
| 245 | 0 | 0 | _aالجغرافيا الحياتية |
| 250 | _aط1 | ||
| 264 | 3 | 1 | _aعمان:دار الفكر ، 2000 |
| 300 | _a373ص | ||
| 336 |
_atext _btxt _2rdacontent |
||
| 337 |
_aunmediated _bn _2rdamedia |
||
| 338 |
_avolume _bnc _2rdacarrier |
||
| 650 | 4 |
_aالجغرافيا الحيوية _941800 |
|
| 999 |
_aA17850 _c21418 _d21418 |
||